Reforma de la ley de concursos. Ley 26684 (Registro nro. 21075)

Detalles MARC
000 -LEADER
fixed length control field 00329 a2200109 4500
001 - CONTROL NUMBER
control field ART_42232
005 - DATE AND TIME OF LATEST TRANSACTION
control field 20260410161807.0
008 - FIXED-LENGTH DATA ELEMENTS--GENERAL INFORMATION
fixed length control field 260409a
100 1# - MAIN ENTRY--PERSONAL NAME
Personal name Moro, Carlos E.
245 10 - TITLE STATEMENT
Title Reforma de la ley de concursos. Ley 26684
773 0# - HOST ITEM ENTRY
Title Doctrina Societaria y Concursal
Related parts - Nº 289 (dic. 2011)
Record control number REV4298

No hay ítems disponibles.